| 000 | 00664nam a2200217Ia 4500 | ||
|---|---|---|---|
| 008 | 150520s9999 xx 000 0 und d | ||
| 050 | _aHF 5549.5.M63 | ||
| 050 | _b.C737 2015 | ||
| 100 | _aCompendio, Jon Michael A. | ||
| 245 | _aFactors affecting work motivation of the regular employees of gardenia bakeries in Laguna / | ||
| 245 | _cjon Michael A. Compendio. | ||
| 260 | _aLas PiƱas, Philippines : | ||
| 260 | _bSISC, | ||
| 260 | _c2015. | ||
| 300 | _a41 pages : | ||
| 300 | _billustrations ; | ||
| 300 | _c28 cm. | ||
| 500 | _aIncludes bibliographical references and appendices. | ||
| 650 | _aEmployee motivation | ||
| 650 | _aWork performance | ||
| 999 |
_c284115 _d284115 |
||